Historia de la fundación de la Ciudad de la Puebla de los Angeles (Record no. 2028)
[ view plain ]
| 000 -CABECERA | |
|---|---|
| campo de control de longitud fija | 00841nam a2200193 a 4500 |
| 001 - NÚMERO DE CONTROL | |
| campo de control | BRCA_2282 |
| 005 - FECHA Y HORA DE LA ÚLTIMA TRANSACCIÓN | |
| campo de control | 20190320203737.0 |
| 008 - DATOS DE LONGITUD FIJA--INFORMACIÓN GENERAL | |
| campo de control de longitud fija | 760219s1990 mx-#---###---#000-0#spa-# |
| 040 ## - FUENTE DE LA CATALOGACIÓN | |
| Centro catalogador/agencia de origen | DLC |
| Centro/agencia transcriptor | OCU |
| Centro/agencia modificador | OCU |
| 050 #4 - SIGNATURA TOPOGRÁFICA DE LA BIBLIOTECA DEL CONGRESO | |
| Número de clasificación | F1391.P8 |
| Número de documento/Ítem | .H57 1990 |
| 245 10 - MENCIÓN DE TÍTULO | |
| Título | Historia de la fundación de la Ciudad de la Puebla de los Angeles |
| Mención de responsabilidad, etc. | edición llevada a cabo por orden de Mariano Piña Olaya ; edición Miguel Rosette H. |
| 260 ## - PUBLICACIÓN, DISTRIBUCIÓN, ETC. | |
| Lugar de publicación, distribución, etc. | México |
| Nombre del editor, distribuidor, etc. | CONACULTA : INBA |
| Fecha de publicación, distribución, etc. | 1990 |
| 300 ## - DESCRIPCIÓN FÍSICA | |
| Extensión | 2 v. |
| Dimensiones | 18 cm. |
| 500 ## - NOTA GENERAL | |
| Nota general | Facsímil de : Historia de la fundación de la Ciudad de la Puebla de los Angeles en la Nueva España : su descripción y presente estado, por Mariano Fernández de Echeverría y Veytia, Puebla, 1931 |
| 651 #4 - PUNTO DE ACCESO ADICIONAL DE MATERIA--NOMBRE GEOGRÁFICO | |
| Nombre geográfico | Puebla (México) |
| Subdivisión general | Historia |
| 9 (RLIN) | 409 |
| 700 1# - PUNTO DE ACCESO ADICIONAL--NOMBRE DE PERSONA | |
| Nombre de persona | Piña Olaya, Mariano |
| 9 (RLIN) | 6838 |
| 700 1# - PUNTO DE ACCESO ADICIONAL--NOMBRE DE PERSONA | |
| Nombre de persona | Rosette H., Miguel |
| 9 (RLIN) | 6839 |
| 942 ## - ELEMENTOS DE PUNTO DE ACCESO ADICIONAL (KOHA) | |
| Fuente del sistema de clasificación o colocación | Library of Congress Classification |
| Tipo de ítem Koha | Libros |
| Estado de retiro | Estado de pérdida | Estado dañado | No para préstamo | Localización permanente | Ubicación/localización actual | Fecha de adquisición | Total de préstamos | Signatura topográfica completa | Código de barras | Fecha visto por última vez | Precio válido a partir de | Tipo de ítem Koha | Código de colección |
|---|---|---|---|---|---|---|---|---|---|---|---|---|---|
| El ejemplar forma parte de la colección y puede ser consultado según las políticas vigentes. | Biblioteca del Museo Franz Mayer (Rogerio Casas-Alatriste) | Biblioteca del Museo Franz Mayer (Rogerio Casas-Alatriste) | 14/08/2008 | F1391.P8 .H57 1990 | 00556 | 22/03/2019 | 22/03/2019 | Libros | |||||
| El ejemplar forma parte de la colección y puede ser consultado según las políticas vigentes. | Biblioteca del Museo Franz Mayer (Rogerio Casas-Alatriste) | Biblioteca del Museo Franz Mayer (Rogerio Casas-Alatriste) | 05/10/2010 | F1391.P8 .H57 1990 | 00557 | 22/03/2019 | 22/03/2019 | Libros | Acervo General |